| 000 | 00804nam a2200193 a 4500 | ||
|---|---|---|---|
| 001 | 59426 | ||
| 005 | 20180714060354.0 | ||
| 008 | 140415s2005 ag 000 0 spa d | ||
| 020 | _a987538139X | ||
| 041 | _aspa | ||
| 082 |
_a306.87 _bDON |
||
| 100 | 1 | _aDONINI, ANTONIO | |
| 245 | 1 | 0 |
_aSEXUALIDAD Y FAMILIA : _bCRISIS Y DESAFIOS FRENTE AL SIGLO XXI |
| 250 | _a1a ed. | ||
| 260 |
_aARGENTINA : _bBLANCA ESTELA SILVA ESCALANTE, _c2005 |
||
| 300 |
_a222 _c15.2 x 1.3 x 22.5 |
||
| 520 | _aEN ESTA OBRA SE ANALIZA EL MATRIMONIO COMO INSTITUCION UNIVERSAL Y LA FAMILIA COMO UN GRUPO DE PERSONAS UNIDAS Y QUE SE OCUPAN DE LA CRIANZA Y EDUCACION DE SUS HIJOS , DE ACUERDO CON LAS TRADICIONES Y NORMAS ESTABLECIDAS Y EMERGENTES DE SU CULTURA. | ||
| 650 | 1 | 4 |
_aRELACIONES DE FAMILIA _xSEXUALIDAD |
| 999 |
_c59426 _d59426 |
||